000 00608nam a2200181Ia 4500
008 151018s9999 xx 000 0 und d
082 _bRBASDV16477
_a891.463
100 _aहरी नारायण आपटे
245 _aहंसा आणि रुसा
250 _b1
260 _bशेठ हिरजी मोह्नजी
_c1943
300 _a203
600 _aहरी नारायण आपटे
630 _aहंसा आणि रुसा
700 _aहरी नारायण आपटे
730 _aहंसा आणि रुसा
942 _cBOOK
999 _c1017187
_d1017184